Odchýlky v morálnom správaní spotrebiteľov na poistnom trhu
Rôzne pohnútky a vplyvy, ktoré môžu spôsobiť, že spotrebiteľ sa pri spotrebúvaní statkov a služieb nebude správať morálne. Vnímanie nečestného správania na slovenskom poistnom trhu z pohľadu trhu tovarov a poistenia testované prostredníctvom dotazníkového dopytovania.
Gespeichert in:
| 1. Verfasser: | |
|---|---|
| Weitere Verfasser: | |
| Format: | Buchkapitel |
| Sprache: | Slowakisch |
| Schlagworte: | |
| Tags: |
Keine Tags, Fügen Sie das erste Tag hinzu!
|
MARC
| LEADER | 00000naa$a2200000$$$4500 | ||
|---|---|---|---|
| 001 | 0256144 | ||
| 005 | 20240502074056.1 | ||
| 041 | 0 | |a slo | |
| 044 | |a SK | ||
| 245 | 1 | 0 | |a Odchýlky v morálnom správaní spotrebiteľov na poistnom trhu |c Tomáš Ondruška, Veronika Bukovčáková |
| 520 | |a Rôzne pohnútky a vplyvy, ktoré môžu spôsobiť, že spotrebiteľ sa pri spotrebúvaní statkov a služieb nebude správať morálne. Vnímanie nečestného správania na slovenskom poistnom trhu z pohľadu trhu tovarov a poistenia testované prostredníctvom dotazníkového dopytovania. | ||
| 610 | 2 | 0 | |a poistenie |
| 610 | 2 | 0 | |a trh poistný |
| 610 | 2 | 0 | |a spotreba |
| 610 | 2 | 0 | |a správanie spotrebiteľa |
| 610 | 2 | 0 | |a etika |
| 610 | 2 | 0 | |a morálka |
| 610 | 2 | 0 | |a prieskum |
| 100 | 1 | |a Ondruška, Tomáš, 1988- | |
| 700 | 1 | |a Bukovčáková, Veronika | |